[Event "GER-ch U12 Girls"]
[Site "Willingen"]
[Date "2023.06.01"]
[Round "7"]
[White "Komar, Valeriia"]
[Black "Mader, Theresa"]
[Result "0-1"]
[WhiteElo "1379"]
[BlackElo "1229"]
[PlyCount "70"]
[EventDate "2023.05.27"]
[EventType "swiss"]
[EventRounds "9"]
[EventCountry "GER"]
[SourceTitle "CBM 214 Extra"]
[Source "ChessBase"]
[SourceDate "2023.07.31"]
[SourceVersion "1"]
[SourceVersionDate "2023.07.31"]
[SourceQuality "1"]

1. e4 c6 2. d4 d5 3. exd5 cxd5 4. Bd3 Nc6 5. c3 Nf6 6. Bf4 g6 7. h3 Bf5 8. Bxf5 gxf5 9. Nf3 h5 10. Nbd2 e6 11. Ne5 Bd6 12. Ndf3 Qc7 13. Qe2 Ne4 14. Bh2 Rg8 15. Nh4 Nxe5 16. dxe5 Bxe5 17. Bxe5 Qxe5 18. 0-0 Qg7 19. Qb5+ Ke7 20. Qxb7+ Kf6 21. Kh2 Qg5 22. g3 Nxg3 23. Rg1 Qxh4 24. fxg3 Qc4 25. a3 Rgb8 26. Qd7 Rxb2+ 27. Rg2 Qxc3 28. Rf1 Rg8 29. g4 Rxg2+ 30. Kxg2 hxg4 31. Qxa7 gxh3+ 32. Kh1 h2 33. a4 Qd3 34. Qf2 Qe4+ 35. Qf3 Rg1+ 0-1

[Event "GER-ch U12 Girls"]
[Site "Willingen"]
[Date "2023.05.31"]
[Round "5"]
[White "Ali, Maha"]
[Black "Mader, Theresa"]
[Result "1/2-1/2"]
[WhiteElo "1403"]
[BlackElo "1229"]
[PlyCount "111"]
[EventDate "2023.05.27"]
[EventType "swiss"]
[EventRounds "9"]
[EventCountry "GER"]
[SourceTitle "CBM 214 Extra"]
[Source "ChessBase"]
[SourceDate "2023.07.31"]
[SourceVersion "1"]
[SourceVersionDate "2023.07.31"]
[SourceQuality "1"]

1. d4 c6 2. c4 d5 3. Nc3 Nf6 4. e3 a6 5. Nf3 b5 6. cxb5 cxb5 7. b3 g6 8. Bb2 Bg7 9. Bd3 0-0 10. 0-0 Nbd7 11. Rc1 Nb6 12. Qe2 Qd6 13. Rfd1 Bg4 14. h3 Bxf3 15. Qxf3 Rfc8 16. Ne2 e6 17. Qg3 Qe7 18. Nf4 Ra7 19. Rxc8+ Nxc8 20. Rc1 Rc7 21. Rxc7 Qxc7 22. Nh5 Qxg3 23. Nxg3 Nb6 24. Ba3 Nfd7 25. Bc5 f5 26. Kf1 Kf7 27. Ke2 Ke8 28. Kd2 Kd8 29. Ne2 Kc7 30. Bb4 Kb7 31. Nf4 e5 32. dxe5 Bxe5 33. Ne6 Kc6 34. Bc3 Kd6 35. Bxe5+ Kxe5 36. Nd4 Kd6 37. Kc3 Kc7 38. Kb4 Kb7 39. a4 bxa4 40. bxa4 Nc8 41. Ne6 Nd6 42. Nf4 Ne4 43. f3 Nec5 44. Bf1 Kc6 45. Ka5 Nb8 46. Nd3 Nxd3 47. Bxd3 Kb7 48. Kb4 Kb6 49. Bc2 Nc6+ 50. Kc3 Kc5 51. Bd3 a5 52. Ba6 d4+ 53. exd4+ Nxd4 54. Bc4 g5 55. g4 f4 56. Bd3 1/2-1/2

[Event "GER-ch U10 Girls"]
[Site "Willingen"]
[Date "2021.08.28"]
[Round "9"]
[White "Amrhein, Yana"]
[Black "Mader, Theresa"]
[Result "0-1"]
[WhiteElo "735"]
[BlackElo "1078"]
[PlyCount "48"]
[EventDate "2021.08.22"]
[EventType "swiss"]
[EventRounds "11"]
[EventCountry "GER"]
[SourceTitle "EXT 2022"]
[Source "ChessBase"]
[SourceDate "2021.10.06"]
[SourceVersion "1"]
[SourceVersionDate "2021.10.06"]
[SourceQuality "1"]

1. Nf3 d5 2. d3 Nc6 3. g3 e5 4. Bg2 Nf6 5. 0-0 Bg4 6. Nbd2 Qd7 7. b3 Bh3 8. Bb2 Bxg2 9. Kxg2 d4 10. Ne4 0-0-0 11. c4 h5 12. h4 Qg4 13. Nxf6 gxf6 14. Qd2 Bh6 15. e3 f5 16. Nh2 Qg6 17. Qe2 f4 18. Kf3 fxe3 19. fxe3 Rhg8 20. exd4 exd4 21. Rg1 Rde8 22. Qf2 Be3 23. Qg2 Bxg1 24. Rxg1 Qf6# 0-1